00398nam a2200121 a 450000500170000000800410001705000230005824500240008126000100010565000300011599900190014595201120016420140414131845.0100524s19uu xx 00 eng d aM 220.95bD21 1995 aThe story of Jonah. c1995. aJonahxbiblical character c109894d109894 001040aMUbMUcMd2010-05-24eSch. Fundl0oM 220.95 D21 1995pM0089r2014-04-14 00:00:00w2014-04-14yBK